| 000 | 00656nam a2200181 i 4500 | ||
|---|---|---|---|
| 001 | 146952 | ||
| 003 | ES-MaACL | ||
| 005 | 20230906201738.0 | ||
| 007 | t| | ||
| 008 | 070919s1984 sp ||||1| spa d | ||
| 020 | _a84-7491-155-9 | ||
| 100 | 1 |
_aTroitiño Vinuesa, Miguel Angel. _9111486 |
|
| 245 | 1 | 0 |
_aCuenca _b: evolución y crisis de una vieja ciudad castellana / _cMiguel Angel Troitiño Vinuesa. |
| 260 |
_aMadrid : _bMinisterio de Obras Públicas y Urbanismo, Dirección General de Acción Territorial y Urbanismo : _bUniversidad Complutense, _c1984. |
||
| 300 |
_a745 p. : _bil. ; _c24 cm. |
||
| 504 | _aIndice. | ||
| 852 |
_aES-MaACL _jL-11794 |
||
| 999 |
_c146952 _d146952 |
||